Proceso penal y sistemas acusatorios

Պահպանված է:
Մատենագիտական մանրամասներ
Հիմնական հեղինակներ: Bachmaier Winter, Lorena (Հեղինակ), Ambos, Kai (Հեղինակ), Aguilera Morales, Marien (Հեղինակ), Armenta Deu, Teresa (Հեղինակ), Illuminati, Giulio (Հեղինակ), Thaman, Stephen C (Հեղինակ), Vogler, Richard (Հեղինակ)
Ձևաչափ: Գիրք
Լեզու:իսպաներեն
Հրապարակվել է: Madrid Marcial Pons 2008
Խորագրեր:
Ցուցիչներ: Ավելացրեք ցուցիչ
Չկան պիտակներ, Եղեք առաջինը, ով նշում է այս գրառումը!

MARC

LEADER 00000nam a2200000 a 4500
001 UCH8611
003 CL-VaPUC
008 091203e20080000SP |||||||||||||||||spa|d
020 |a 9788497685580 
082 0 4 |a 345.07  |b BAC  |2 21 
100 0 |a Bachmaier Winter, Lorena  |e author  |9 545271 
700 0 |a Ambos, Kai  |e author  |9 545272 
700 0 |a Aguilera Morales, Marien  |e author  |9 545273 
700 0 |a Armenta Deu, Teresa  |e author  |9 420 
700 0 |a Illuminati, Giulio  |e author  |9 545274 
700 0 |a Thaman, Stephen C  |e author  |9 545275 
700 0 |a Vogler, Richard  |e author  |9 545276 
245 1 0 |a Proceso penal y sistemas acusatorios 
300 |a 198 p 
942 |c BK 
945 |d 20091203 00:00:00  |a rbrito 
260 |a Madrid  |b Marcial Pons  |c 2008 
650 7 |a DERECHO PENAL  |2 CL-VaPUC  |9 11 
650 0 |a Derecho procesal penal   |9 256392 
650 0 |a Juicio oral  |9 455093 
650 0 |a Historia del derecho  |9 255109 
650 7 |a PRUEBA ILICITA  |2 CL-VaPUC  |9 525516 
650 7 |a JUICIO DE ACUSACION  |2 CL-VaPUC  |9 545277 
583 |a last modification  |c 20091203 00:00:00  |k Rodrigo Vera 
999 |c 338822  |d 338820 
952 |0 0  |1 0  |4 0  |6 345_070000000000000_BAC_2008  |7 0  |8 A  |9 431955  |a BIBDER  |b BIBDER  |d 2019-11-22  |i 4623010  |l 1  |m 4  |o 345.07 BAC 2008  |p 4623010  |q 2025-12-31  |r 2024-04-08  |s 2024-04-08  |w 2019-11-22  |y BK  |k DER